01214nam a2200193 a 4500008004100000050003000041110006000071245016400131260003800295300002000333350000900353500004600362650003200408995015100440995015100591999001700742952012600759952013500885150508s1997 ||||||||||||||||| || u aGOV.ZAM(05)DPD/1997/106JJ aGovernment of the Republic of Zambia. National Assembly10aRepublic of Zambia. Daily parliamentary debates, official verbatim report of the debates of the first session of the eighth... (1997)cBy the National Assembly aLusaka:bGovernment Printerc1997 avarious pagings a0.00 aLIBRARY HOLDINGS:March 20th and 26th 1997 aDAILY PARLIAMENTARY DEBATES aSPECIAL COLLECTIONSe03005274FCBU-MAIN LIBRARY (Kitwe)I0.00jGOV.ZAM(05)DPD/1997/106KKM2UAVAILABLEWMay 8, 2015y03005274ZZambiana Collection aSPECIAL COLLECTIONSe03005292FCBU-MAIN LIBRARY (Kitwe)I0.00jGOV.ZAM(05)DPD/1997/106JJM1UAVAILABLEWMay 8, 2015y03005292ZZambiana Collection c80104d80104 00102lcc4070a001b001d2023-06-29l0oGOV.ZAM(05)DPD/1997/106KKp03005274cZambiana Cor2023-06-29t1w2023-06-29y023 00102lcc4070a001b001cZambiana Collectiond2023-06-29l0oGOV.ZAM(05)DPD/1997/106JJp03005292r2023-06-29t2w2023-06-29y023